Una oportunidad en la libertad: estudio sobre el manejo de la mano de obra y la situación social de los trabajadores de los fundos de más de 100 hectáreas en la provincia de O'Higgins

Enregistré dans:
Détails bibliographiques
Auteur principal: Domínguez Correa, Oscar (autor)
Format: Livre
Langue:espagnol
Publié: Santiago Del Pacífico 1961
Sujets:
Tags: Ajouter un tag
Pas de tags, Soyez le premier à ajouter un tag!

MARC

LEADER 00000nam a2200000 a 4500
001 UCL5088
003 CL-VaPUC
008 040305e19611013CL |||||||||||||||||spa|d
082 0 4 |a 307.72  |b DOM  |2 21 
100 |a Domínguez Correa, Oscar  |e autor  |9 482761 
245 1 4 |a Una oportunidad en la libertad: estudio sobre el manejo de la mano de obra y la situación social de los trabajadores de los fundos de más de 100 hectáreas en la provincia de O'Higgins 
300 |a 79 p 
942 |c BK 
945 |d 20040305 00:00:00  |a vberengu 
260 |a Santiago  |b Del Pacífico  |c 1961 
500 |a Donación Padres Capuchinos 
650 7 |a SOCIOLOGIA RURAL  |2 CL-VaPUC  |9 264560 
583 |a last modification  |c 20121116 01:08:55  |k Rodrigo Vera 
999 |c 307758  |d 307756 
952 |0 0  |1 0  |4 0  |6 307_720000000000000_DOM_1961  |7 0  |8 A  |9 373865  |a BIBTEO  |b BIBTEO  |d 2019-11-21  |i 2103826  |o 307.72 DOM 1961  |p 2103826  |r 2025-01-17  |w 2019-11-21  |y BK  |k ICR 
952 |0 0  |1 0  |4 0  |6 307_720000000000000_DOM_1961  |7 0  |8 X  |9 373866  |a FDOBUD  |b FDOBUD  |d 2019-11-21  |i 4402162  |o 307.72 DOM 1961  |p 4402162  |r 2019-11-21  |w 2019-11-21  |y BK_X  |k BUD